000 01489nam a22003375i 4500
001 178581
003 ES-MaACL
005 20251002162510.0
008 110608s1964 sp o |||| | spa d
080 _a821.134.2-2"19"
245 0 0 _aTeatro español.
_p1962-1963 /
_cprólogo, notas y apéndice por Federico Carlos Sainz de Robles.
260 _aMadrid :
_bAguilar,
_cD. L. 1964.
300 _aXXXIX, 404, [8] p. de fot. bl. y n. ;
_c21 cm.
490 1 _aColección literaria. Novelistas, dramaturgos, ensayistas, poetas
505 8 0 _aContiene: Micaela / Joaquín Calvo Sotelo. El concierto de San Ovidio / Antonio Buero Vallejo. La barca sin pescador / Alejandro Casona. La corbata / Alfonso Paso. Las salvajes en Puente San Gil / José Martín Recuerda
650 4 _aTeatro español-
_yS.XX.
_917356
700 1 _aSainz de Robles, Federico Carlos,
_d1898-1982
_9101593
700 1 _aCalvo-Sotelo, Joaquín,
_d1905-1993
_933913
700 1 _aBuero Vallejo, Antonio,
_d1916-2000
_932421
700 1 _aCasona, Alejandro,
_d1903-1965
_9171490
700 1 _aPaso, Alfonso
_989420
700 0 _aMartín Recuerda, José.
_977623
740 0 2 _aMicaela.
740 3 2 _aEl concierto de San Ovidio.
740 3 2 _aLa barca sin pescador.
740 3 2 _aLa corbata.
740 4 2 _aLas salvajes en Puente San Gil.
830 0 _aColección literaria. Novelistas, dramaturgos, ensayistas, poetas
_9183856
852 _aES-MaACL
_jE-15348
_xOlim P-83
999 _c178581
_d178581